[Event "SRB-chT2 East"]
[Site "Zajecar"]
[Date "2013.10.11"]
[Round "2"]
[White "Lukic, Igor M"]
[Black "Djordjevic, Vuk D"]
[Result "1/2-1/2"]
[WhiteElo "2092"]
[BlackElo "2123"]
[PlyCount "58"]
[EventDate "2013.10.10"]
[EventType "team-swiss"]
[EventRounds "8"]
[EventCountry "SRB"]
[SourceTitle "EXT 2014"]
[Source "ChessBase"]
[SourceDate "2013.11.20"]
[SourceVersion "1"]
[SourceVersionDate "2013.11.20"]
[SourceQuality "1"]

1. d4 Nf6 2. Nf3 e6 3. c4 b6 4. g3 Ba6 5. Qc2 Bb7 6. Nc3 Bb4 7. Bd2 0-0 8. Bg2 Bxc3 9. Bxc3 Be4 10. Qd2 d5 11. c5 bxc5 12. dxc5 c6 13. 0-0 Nbd7 14. b4 Qe7 15. Rfc1 Rfc8 16. e3 e5 17. Qb2 Bxf3 18. Bxf3 Rcb8 19. Qd2 Qe6 20. Kg2 Ne8 21. Be2 Nc7 22. Bf1 a6 23. a3 Re8 24. Bb2 Kh8 25. Re1 f6 26. Rad1 Qf7 27. f3 Re7 28. Qc2 Rae8 29. Qa4 Nb8 1/2-1/2

[Event "SRB-chT3 Liga Sued CS"]
[Site "Serbia"]
[Date "2011.10.02"]
[Round "4"]
[White "Aleksic, Branislav"]
[Black "Lukic, Igor M"]
[Result "1-0"]
[WhiteElo "1785"]
[BlackElo "2126"]
[PlyCount "72"]
[EventDate "2011.09.11"]
[EventType "team"]
[EventRounds "11"]
[EventCountry "SRB"]
[SourceTitle "EXT 2015"]
[Source "ChessBase"]
[SourceDate "2014.11.20"]
[SourceVersion "1"]
[SourceVersionDate "2014.11.20"]
[SourceQuality "1"]

1. Nf3 Nf6 2. g3 d6 3. d4 g6 4. Bg2 Bg7 5. c4 0-0 6. 0-0 a5 7. Nc3 Nc6 8. d5 Nb4 9. a3 Na6 10. Re1 e5 11. dxe6 fxe6 12. Bg5 h6 13. Bd2 Qe8 14. Qc2 Nd7 15. Rad1 e5 16. Ne4 Nac5 17. Nxc5 Nxc5 18. Be3 Bf5 19. Qd2 Ne4 20. Qc1 g5 21. Nd2 Qg6 22. Nxe4 Bxe4 23. Bxe4 Qxe4 24. b3 Rad8 25. Qd2 a4 26. b4 Qxc4 27. Rc1 Qf7 28. Qc2 c6 29. Qxa4 Ra8 30. Qd1 d5 31. Bc5 Rfd8 32. a4 d4 33. a5 e4 34. Qd2 Rd5 35. Rcd1 Rad8 36. Qa2 R8d7 1-0

[Event "Nis-ch"]
[Site "Nis"]
[Date "2006.08.29"]
[Round "5"]
[White "Zivkovic, Nemanja"]
[Black "Lukic, Igor M"]
[Result "1-0"]
[WhiteElo "2127"]
[BlackElo "2087"]
[PlyCount "84"]
[EventDate "2006.08.25"]
[EventType "swiss"]
[EventRounds "8"]
[EventCountry "YUG"]
[SourceTitle "EXT 2023"]
[Source "ChessBase"]
[SourceDate "2022.10.05"]
[SourceVersion "1"]
[SourceVersionDate "2022.10.05"]
[SourceQuality "1"]

1. e4 c5 2. Nf3 d6 3. d4 cxd4 4. Nxd4 Nf6 5. Nc3 a6 6. Be2 e6 7. Be3 Be7 8. a4 0-0 9. 0-0 Qc7 10. f4 Nc6 11. Nb3 Bd7 12. a5 Rfe8 13. Bf3 Rac8 14. Qe2 Nb4 15. Qf2 Bc6 16. Bb6 Qb8 17. Rad1 d5 18. exd5 Nfxd5 19. Bxd5 Nxd5 20. Nxd5 Bxd5 21. Nc5 Rc6 22. b4 Qc8 23. Qd4 Rd6 24. Qe5 Qc6 25. Rd2 Bf6 26. Qe3 e5 27. f5 h6 28. Ne4 Bxe4 29. Rxd6 Qxd6 30. Qxe4 Qd7 31. c4 Rc8 32. b5 axb5 33. cxb5 Qxb5 34. Qxb7 Rc6 35. Qd7 Rxb6 36. Qc8+ Kh7 37. axb6 Qxb6+ 38. Kh1 e4 39. Qe8 Qb7 40. Re1 Qd5 41. Qxe4 Qxe4 42. Rxe4 g6 1-0